Central Library OPAC University of Rajshahi

গতিলোক থেকে নির্বাচিত ক্যাম্বোডিয়ার লোককাহিনী / (Record no. 39633)

MARC details
000 -LEADER
fixed length control field 01390nam a2200265 a 4500
001 - CONTROL NUMBER
control field 39633
003 - CONTROL NUMBER IDENTIFIER
rucl marc code BD-RjUL
005 - DATE AND TIME OF LATEST TRANSACTION
control field 20211209053030.0
008 - FIXED-LENGTH DATA ELEMENTS--GENERAL INFORMATION
fixed length control field 160413r20152002bg ||||| |||| 00| 0 ben d
020 ## - INTERNATIONAL STANDARD BOOK NUMBER
International Standard Book Number 9847000002778
Terms of availability :TK 200.00
035 ## - SYSTEM CONTROL NUMBER
System control number (BD-RjUL)39746
040 ## - CATALOGING SOURCE
Original cataloging agency BD-RjUL
Language of cataloging ben
Transcribing agency BD-RjUL
041 ## - LANGUAGE CODE
Language code of text/sound track or separate title ben
082 ## - DEWEY DECIMAL CLASSIFICATION NUMBER
Edition number 23
Classification number 398.209596
Author mark and year CAC 2015
100 ## - MAIN ENTRY--PERSONAL NAME
Personal name ক্যারিসন, মুরিয়েল পাসকিন
9 (RLIN) 122046
245 10 - TITLE STATEMENT
Title গতিলোক থেকে নির্বাচিত ক্যাম্বোডিয়ার লোককাহিনী /
Statement of responsibility, etc. মুরিয়েল পাসকিন ক্যারিসন, ভেনারেবল কং চিয়ান; জাহাঙ্গীর মোহাম্মদ ভাসান্তর
260 ## - PUBLICATION, DISTRIBUTION, ETC. (IMPRINT)
Place of publication, distribution, etc. ঢাকা :
Name of publisher, distributor, etc. জাতীঊয় সাহিত্য প্রকাশ,
Date of publication, distribution, etc. ২০১৫
300 ## - PHYSICAL DESCRIPTION
Pagination ১২৮ প্রি. ;
Size ২২ সেমি.
504 ## - BIBLIOGRAPHY, ETC. NOTE
Bibliography, etc গ্রন্থপঞ্জি সম্বলিত
650 ## - SUBJECT ADDED ENTRY--TOPICAL TERM
Topical term or geographic name as entry element ফোকলোর
Geographic subdivision ক্যাম্বোডিয়া
9 (RLIN) 122047
Topical term or geographic name as entry element Folklore
Geographic subdivision Cambodia
9 (RLIN) 122048
700 ## - ADDED ENTRY--PERSONAL NAME
Personal name চিয়ান, ভেনারেবল কং
Personal name মোহাম্মদ, জাহাঙ্গীর ভাসান্তর
942 ## - ADDED ENTRY ELEMENTS (KOHA)
Source of classification or shelving scheme Dewey Decimal Classification
Koha item type Books
Holdings
Lost status Source of classification or shelving scheme Damaged status Not for loan Collection code Permanent Location Current Location Shelving location Date acquired Source of acquisition Cost, normal purchase price Total Checkouts Full call number Date last seen Copy number Koha item type Date checked out
  Dewey Decimal Classification   Not For Loan Non-fiction Central Library, University of Rajshahi Central Library, University of Rajshahi Reading Room 17/02/2016 Dhaka : Jatiya Sahitya Prokash 200.00   B 398.209596 CAC 2015 13/04/2016 C-1 Books  
  Dewey Decimal Classification     Non-fiction Central Library, University of Rajshahi Central Library, University of Rajshahi   17/02/2016 Dhaka : Jatiya Sahitya Prokash 200.00   B 398.209596 CAC 2015 13/04/2016 C-2 Books  
  Dewey Decimal Classification     Non-fiction Central Library, University of Rajshahi Central Library, University of Rajshahi   17/02/2016 Dhaka : Jatiya Sahitya Prokash 200.00 2 B 398.209596 CAC 2015 20/04/2017 C-3 Books 16/04/2017